1113 1095 1628 1345 1918 1836 1574 1243 1286 1128 1873 1199 1264 1486 1808 1859 1954 1453 1550 1636 1531 1731 1479 1717 1246 1419 1692 1222 1449 1316 1990 1178 1127 1525 1430 1145 1632 1066 1852 1876 1629 1216 1914 1276 1147 1619 1767 1080 1429 1572 1766 1822 1594 1508 1672 1543 1679 1621 1198 1955 1489 1483 1371 1149 1168 1661 1438 1331 1370 1478 1223 1342 1780 1494 1860 1323 1023 1605 1369 1196 1475 1472 1338 1946 1643 1749 1443 1767 1053 1201 1711 1262 1331 1129 1621 1238 1181 1009 1514 BCNSPRNW ULIB Ver.6.0+V

เปลี่ยนเป็นภาษาไทย

Change to English
 แสดงรายละเอียดบรรณานุกรม
  กลับหน้าหลัก

Brief Record : Get Marc (ISO 2709) : E-mail record : QR code < ปิดหน้าต่าง
LEADER : 00000nam 2200000uu 4500
001    13399111654
003     ULIB
008    110704s||||||||th 000 0 tha d
020    9789748132785
050  4 BQ950.D84^bพ382อ 2552
245 10 อตุโล ไม่มีใดเทียม :^bประวัติ ปฏิปทา และคำสอน /^cพระราชวุฒาจารย์ (หลวงปู่ดูลย์ อตุโล)
250    พิมพ์ครั้งที่ 6
260    กรุงเทพฯ :^bอมรินทร์พริ้นติ้งแอนด์พับลิชชิ่ง,^c2552
300    619 หน้า :^bภาพประกอบ (สีบางภาพ) ;^c30 ซ.ม.
500    รวบรวมและเรียบเรียงพิมพ์ครั้งที่ 6 โดย กลุ่มจิตหนึ่ง
600 07 พระราชวุฒาจารย์ (หลวงปู่ดูลย์ อตุโล),^d2431-2526
650  7 สงฆ์^xชีวประวัติ
710 2  กลุ่มจิตหนึ่ง
945    ^p0^l0^i029198
995    ทศพร
999 ^a ใช้งานได้ทุกระบบ
รายการนี้ยังไม่มีแท็ก
คุณยังไม่ได้ล็อกอิน คุณสามารถมีกิจกรรมร่วมกับเว็บไซต์ได้ แต่ต้องล็อกอินก่อน ::
  ล็อกอิน

รายการสื่อสารสนเทศ

ลำดับที่ ประเภท เลขเรียก/บาร์โค้ด สถานที่ สถานะ
- ไม่พบข้อมูล -

BibComment


ยังไม่เคยถูกคอมเมนท์

คอมเมนท์ทรัพยากรรายการนี้
  คอมเมนท์: อตุโล ไม่มีใดเทีย..


 Copyright 2026. Bcnsprnw @Library